000 00303nam a2200109Ia 4500
008 220624s9999 xx 000 0 und d
020 _a978 0956930767
082 _aEF ACHE
100 _aAchebe, Chinua
_91515
245 0 _aTRIBUTES AND REFLECTION
942 _cBK
_w561
_xJohn Tresidder
_y
_zCRON CRON
999 _c688348
_d688347